Пропуск в контексте

Проектирование (киришское кружево) учебное пособие для студентов, обучающихся по специальности «декоративно-прикладное искусство и народные промыслы» (вид – художественное кружевоплетение)

Учебное пособие разработано для будущих художников в области художественного кружевоплетения, обучающихся по специальности «Декоративно-прикладное искусство и народные промыслы». Пособие содержит разделы и задания по дисциплине «Проектирование», теоретический материал сопровождается иллюстрациями, з...

Popoln opis

Shranjeno v:
Bibliografske podrobnosti
Glavni avtor: Лапина Ю. Е.
Format: Книга
Jezik:Russian
Izdano: Санкт-Петербург ВШНИ 2021
Online dostop:https://e.lanbook.com/book/465425
https://e.lanbook.com/img/cover/book/465425.jpg
Oznake: Označite
Brez oznak, prvi označite!
LEADER 02228nam0a2200277 i 4500
001 465425
003 RuSpLAN
005 20250328105329.0
008 250328s2021 ru gs 000 0 rus
020 |a 978-5-907542-29-7 
040 |a RuSpLAN 
041 0 |a rus 
044 |a ru 
080 |a 746.21 (075) 
084 |a 85.12 я7  |2 rubbk 
245 0 0 |a Проектирование (киришское кружево)  |b учебное пособие для студентов, обучающихся по специальности «декоративно-прикладное искусство и народные промыслы» (вид – художественное кружевоплетение)  |c Лапина Ю. Е. 
260 |a Санкт-Петербург  |b ВШНИ  |c 2021 
300 |a 76 с. 
504 |a Библиогр.: доступна в карточке книги, на сайте ЭБС Лань 
520 8 |a Учебное пособие разработано для будущих художников в области художественного кружевоплетения, обучающихся по специальности «Декоративно-прикладное искусство и народные промыслы». Пособие содержит разделы и задания по дисциплине «Проектирование», теоретический материал сопровождается иллюстрациями, знакомит с особенностями проектирования киришских кружевных изделий. Также данное издание может быть полезно обучающимся в системе дополнительного образования и лицам, работающим в области декоративно-прикладного искусства. 
521 8 |a Книга из коллекции ВШНИ - Искусствоведение 
521 8 |a СЭБ 
100 1 |a Лапина Ю. Е. 
856 4 |u https://e.lanbook.com/book/465425 
856 4 8 |u https://e.lanbook.com/img/cover/book/465425.jpg 
953 |a https://e.lanbook.com/img/cover/book/465425.jpg